Плазмохимический синтез и исследование оксидных композиций для уранового толерантного ядерного топлива; Химия и химическая технология в XXI веке; Т. 1

Detaylı Bibliyografya
Parent link:Химия и химическая технология в XXI веке: материалы XXIII Международной научно-практической конференции студентов и молодых ученых имени выдающихся химиков Л. П. Кулёва и Н. М. Кижнера, Томск, 16-19 мая 2022 г./ Национальный исследовательский Томский политехнический университет (ТПУ); Инженерная школа природных ресурсов; Инженерная школа новых производственных технологий; Исследовательская школа химических и биомедицинских технологий..— , 2022
Т. 1.— 2022.— [С. 37-38]
Yazar: Беляков Д. М.
Müşterek Yazar: Национальный исследовательский Томский политехнический университет Инженерная школа ядерных технологий Отделение ядерно-топливного цикла
Diğer Yazarlar: Каренгин А. А. Алексей Александрович (научный руководитель), Головков Н. В. Никита Викторович, Каренгин А. Г. Александр Григорьевич
Özet:Заглавие с титульного экрана
Dil:Rusça
Baskı/Yayın Bilgisi: 2022
Seri Bilgileri:Химия и химическая технология неорганических веществ и материалов
Konular:
Online Erişim:http://earchive.tpu.ru/handle/11683/72385
Materyal Türü: MixedMaterials Elektronik Kitap Bölümü
KOHA link:https://koha.lib.tpu.ru/cgi-bin/koha/opac-detail.pl?biblionumber=634260

MARC

LEADER 00000naa2a2200000 4500
001 634260
005 20240117115726.0
035 |a (RuTPU)RU\TPU\conf\36045 
035 |a RU\TPU\conf\36044 
090 |a 634260 
100 |a 20220520d2022 k y0rusy50 ca 
101 0 |a rus 
102 |a RU 
105 |a y z 101zy 
135 |a drgn ---uucaa 
181 0 |a i  
182 0 |a b 
200 1 |a Плазмохимический синтез и исследование оксидных композиций для уранового толерантного ядерного топлива  |f Д. М. Беляков, А. А. Каренгин, Н. В. Головков  |g науч. рук. А. Г. Каренгин 
203 |a Текст  |c электронный 
225 1 |a Химия и химическая технология неорганических веществ и материалов 
300 |a Заглавие с титульного экрана 
320 |a [Библиогр.: с. 38 (2 назв.)] 
461 1 |0 (RuTPU)RU\TPU\conf\36040  |t Химия и химическая технология в XXI веке  |o материалы XXIII Международной научно-практической конференции студентов и молодых ученых имени выдающихся химиков Л. П. Кулёва и Н. М. Кижнера, Томск, 16-19 мая 2022 г.  |o в 2 т.  |f Национальный исследовательский Томский политехнический университет (ТПУ); Инженерная школа природных ресурсов; Инженерная школа новых производственных технологий; Исследовательская школа химических и биомедицинских технологий.  |d 2022 
463 1 |0 (RuTPU)RU\TPU\conf\36041  |t Т. 1  |v [С. 37-38]  |d 2022 
610 1 |a труды учёных ТПУ 
610 1 |a электронный ресурс 
610 1 |a плазмохимический синтез 
610 1 |a оксидные композиции 
610 1 |a урановое топливо 
610 1 |a ядерное топливо 
610 1 |a плазменная переработка 
610 1 |a плазмохимический синтез 
610 1 |a водно-органические растворы 
610 1 |a нитратные растворы 
700 1 |a Беляков  |b Д. М. 
701 1 |a Каренгин  |b А. А.  |c физик  |c инженер-исследователь Томского политехнического университета  |f 1989-  |g Алексей Александрович  |3 (RuTPU)RU\TPU\pers\32973 
701 1 |a Головков  |b Н. В.  |c физик  |c техник Томского политехнического университета  |f 1997-  |g Никита Викторович  |3 (RuTPU)RU\TPU\pers\43778 
702 1 |a Каренгин  |b А. Г.  |c физик  |c доцент Томского политехнического университета, кандидат физико-математических наук  |f 1950-  |g Александр Григорьевич  |4 727  |9 10751 
712 0 2 |a Национальный исследовательский Томский политехнический университет  |b Инженерная школа ядерных технологий  |b Отделение ядерно-топливного цикла  |3 (RuTPU)RU\TPU\col\23554 
801 2 |a RU  |b 63413507  |c 20220623  |g RCR 
856 4 |u http://earchive.tpu.ru/handle/11683/72385 
942 |c BK